Catálogo

Modern recording techniques / (Registro nro. 68061)

Detalles MARC
000 -LEADER
fixed length control field 01258aam a2200337 i 4500
003 - CONTROL NUMBER IDENTIFIER
control field Mx-PuUPA
005 - DATE AND TIME OF LATEST TRANSACTION
control field 20220302080811.0
008 - FIXED-LENGTH DATA ELEMENTS--GENERAL INFORMATION
fixed length control field 190408s2018 nyua||||r|||| 00| 0 eng d
020 ## - INTERNATIONAL STANDARD BOOK NUMBER
International Standard Book Number 9781138954373
040 ## - CATALOGING SOURCE
Original cataloging agency Mx-PuUPA
Language of cataloging spa
Transcribing agency Mx-PuUPA
Modifying agency Mx-PuUPA
Description conventions rda
041 0# - LANGUAGE CODE
Language code of text/sound track or separate title eng
100 1# - MAIN ENTRY--PERSONAL NAME
Personal name Huber, David Miles,
Relator term autor
9 (RLIN) 9195
245 10 - TITLE STATEMENT
Title Modern recording techniques /
Statement of responsibility, etc. David Miles Huber, Robert E. Runstein
250 ## - EDITION STATEMENT
Edition statement Ninth edition
264 #1 - PRODUCTION, PUBLICATION, DISTRIBUTION, MANUFACTURE, AND COPYRIGHT NOTICE
Place of production, publication, distribution, manufacture New York, NY :
Name of producer, publisher, distributor, manufacturer Routledge Taylor & Francis Group,
Date of production, publication, distribution, manufacture, or copyright notice 2018
300 ## - PHYSICAL DESCRIPTION
Extent xxv, 616 páginas :
Other physical details ilustraciones ;
Dimensions 24 cm.
336 ## - CONTENT TYPE
Fuente rdacontent
Content type term texto
Content type code txt
337 ## - MEDIA TYPE
Source rdamedia
Media type term sin medio
Media type code n
338 ## - CARRIER TYPE
Source rdacarrier
Carrier type term volumen
Carrier type code nc
490 0# - SERIES STATEMENT
Series statement Audio Engineering Society Presents...
490 0# - SERIES STATEMENT
Series statement A Focal Press Book
650 #4 - SUBJECT ADDED ENTRY--TOPICAL TERM
Topical term or geographic name entry element Reproducción de sonido
650 #4 - SUBJECT ADDED ENTRY--TOPICAL TERM
Topical term or geographic name entry element Sonido
General subdivision Magnetismo
-- Mediciones
650 #4 - SUBJECT ADDED ENTRY--TOPICAL TERM
Topical term or geographic name entry element Tecnología
700 1# - ADDED ENTRY--PERSONAL NAME
Personal name Runstein, Robert E.,
Relator term autor
942 ## - ADDED ENTRY ELEMENTS (KOHA)
Source of classification or shelving scheme Dewey Decimal Classification
Koha item type Libro
Classification part 621.3893
Item part H875
Existencias
Withdrawn status Lost status Source of classification or shelving scheme Damaged status Not for loan Collection code Home library Current library Shelving location Date acquired Source of acquisition Cost, normal purchase price Total Checkouts Total Renewals Full call number Barcode Date last seen Date last checked out Cost, replacement price Price effective from Koha item type Copy number
    Dewey Decimal Classification     General Biblioteca Karol Wojtyla Biblioteca Karol Wojtyla Sala general 29/04/2024 2 1243.96 1 1 621.3893 H875 2018 99685 05/01/2026 11/09/2023 1243.96 29/04/2024 Libro  
    Dewey Decimal Classification     General Biblioteca Karol Wojtyla Biblioteca Karol Wojtyla Sala general 06/08/2024 2 1049.43     621.3893 H875 2018 99744 05/01/2026   1049.43 06/08/2024 Libro Ej.1